Republic of the Marshall Islands : 2008 Article IV Consultation; Staff Report; and Public Information Notice on the Executive Board Discussion.

The Republic of the Marshall Islands (RMI), scattered across an area of nearly 1 million square miles in the Central Pacific, is heavily dependent on external grants. As in past consultations, the current discussions have focused on policies to put public finances on a secure footing and improve gro...

Descrizione completa

Dettagli Bibliografici
Ente Autore: International Monetary Fund
Natura: Periodico
Lingua:English
Pubblicazione: Washington, D.C. : International Monetary Fund, 2008.
Serie:IMF Staff Country Reports; Country Report ; No. 2008/185
Accesso online:Full text available on IMF
LEADER 01678cas a2200241 a 4500
001 AALejournalIMF005154
008 230101c9999 xx r poo 0 0eng d
020 |c 5.00 USD 
020 |z 9781451825930 
022 |a 1934-7685 
040 |a BD-DhAAL  |c BD-DhAAL 
110 2 |a International Monetary Fund. 
245 1 0 |a Republic of the Marshall Islands :   |b 2008 Article IV Consultation; Staff Report; and Public Information Notice on the Executive Board Discussion. 
264 1 |a Washington, D.C. :  |b International Monetary Fund,  |c 2008. 
300 |a 1 online resource (39 pages) 
490 1 |a IMF Staff Country Reports 
500 |a <strong>Off-Campus Access:</strong> No User ID or Password Required 
500 |a <strong>On-Campus Access:</strong> No User ID or Password Required 
506 |a Electronic access restricted to authorized BRAC University faculty, staff and students 
520 3 |a The Republic of the Marshall Islands (RMI), scattered across an area of nearly 1 million square miles in the Central Pacific, is heavily dependent on external grants. As in past consultations, the current discussions have focused on policies to put public finances on a secure footing and improve growth prospects. Recent economic performance has been lackluster. Exports have been held back mainly by structural problems. The fiscal position has improved in FY2006, but the overall balance has been slightly negative at about 1\2 percent of GDP. 
538 |a Mode of access: Internet 
830 0 |a IMF Staff Country Reports; Country Report ;  |v No. 2008/185 
856 4 0 |z Full text available on IMF  |u http://elibrary.imf.org/view/journals/002/2008/185/002.2008.issue-185-en.xml  |z IMF e-Library